| 000 -LEADER |
| fixed length control field |
00768cam a2200253 a 4500 |
| 001 - CONTROL NUMBER |
| control field |
20262 |
| 003 - CONTROL NUMBER IDENTIFIER |
| control field |
BD-DhUAP |
| 005 - DATE AND TIME OF LATEST TRANSACTION |
| control field |
20210105151033.0 |
| 008 - FIXED-LENGTH DATA ELEMENTS--GENERAL INFORMATION |
| fixed length control field |
201221r20152014ii abf b f000 0 eng |
| 020 ## - INTERNATIONAL STANDARD BOOK NUMBER |
| International Standard Book Number |
9789339203122 |
| 020 ## - INTERNATIONAL STANDARD BOOK NUMBER |
| International Standard Book Number |
9339203127 |
| 040 ## - CATALOGING SOURCE |
| Original cataloging agency |
BD-DhUAP |
| Transcribing agency |
BD-DhUAP |
| Modifying agency |
BD-DhUAP |
| Language of cataloging |
Eng |
| 082 ## - DEWEY DECIMAL CLASSIFICATION NUMBER |
| Classification number |
658.15 COR |
| Edition number |
23 |
| 245 ## - TITLE STATEMENT |
| Title |
Corporate finance / |
| Statement of responsibility, etc. |
Stephen A. Ross ... [et al.]. |
| 250 ## - EDITION STATEMENT |
| Edition statement |
10th ed. |
| 260 ## - PUBLICATION, DISTRIBUTION, ETC. |
| Place of publication, distribution, etc. |
New Delhi : |
| Name of publisher, distributor, etc. |
McGraw-Hill education, |
| Date of publication, distribution, etc. |
c2014 [Reprinted 2016]. |
| 300 ## - PHYSICAL DESCRIPTION |
| Extent |
xxxii, 1119 pages : |
| Other physical details |
illustrations ; |
| Dimensions |
24 cm. |
| 500 ## - GENERAL NOTE |
| General note |
Includes index. |
| 650 ## - SUBJECT ADDED ENTRY--TOPICAL TERM |
| Topical term or geographic name entry element |
Corporations |
| Form subdivision |
Finance. |
| 650 ## - SUBJECT ADDED ENTRY--TOPICAL TERM |
| Topical term or geographic name entry element |
Financial statements. |
| 700 ## - ADDED ENTRY--PERSONAL NAME |
| Personal name |
Ross, Stephen A. |
| 942 ## - ADDED ENTRY ELEMENTS (KOHA) |
| Source of classification or shelving scheme |
|
| Koha item type |
Book |